| 000 | 00476nam a22001457a 4500 | ||
|---|---|---|---|
| 005 | 20160927124323.0 | ||
| 008 | 160927b xxu||||| |||| 00| 0 eng d | ||
| 022 | _a2005-5919 | ||
| 245 | _aGender studies and policy review | ||
| 260 |
_aSeoul _bKorean Women's Development Institute _c2016 |
||
| 300 |
_av. _c24cm |
||
| 310 | _athree volumes (year) | ||
| 270 |
_a225 Jinheung-ro, Eunpyeong-gu, _dKorea _k82.2.3156.7000 _l82.2.3156.7007 _bSeoul _e03367 |
||
| 942 |
_2ddc _cSR _mGEN _s1 |
||
| 999 |
_c103675 _d103675 |
||